000 01196cad a22002535a 4500
001 L151558
008 101117e20101112xxkd f s 000 0 eng d
035 _a(Sirsi) u151558
041 0 _aeng
050 0 4 _a333.33 $2 18
110 2 _aRoyal Institution of Chartered Surveyors
_bEconomics
_95033
245 0 0 _aRICS global real estate weekly
_b12 November 2010
_h[electronic resource]
260 _aLondon
_bRICS
_c2010
490 0 _aRICS Global Real Estate Weekly
_v12 November 2010
520 _aSolid if unspectacular Russian economic recovery underpins real estate market. Sentiment in Korean commercial property market worsens. Swedish housing bubble risks likely to prompt further action from authorities. US residential construction stabilises.
590 _aKA
650 2 4 _aRICS GLOBAL REAL ESTATE WEEKLY
651 4 _aInternational
690 _aBUILT ENVIRONMENT-CONSTRUCTION MARKET
690 _aPROPERTY-RESIDENTIAL PROPERTY-RESIDENTIAL PROPERTY MARKET
690 _aPROPERTY-COMMERCIAL PROPERTY-COMMERCIAL PROPERTY MARKET
856 4 0 _uhttps://www.rics.org/site/download_feed.aspx?fileID=8027&fileExtension=PDF
_zView the report free of charge at www.rics.org
942 _n0
999 _c111442
_d111442